000 00734nam a22002537a 4500
003 OSt
005 20220107122834.0
008 170928b xxu||||| |||| 00| 0 eng d
020 _a9789351199373
040 _cIIITMK
082 _a006.312 CIE/I
100 _aCielen, Davy
_913074
245 _aIntroducing data science:
_bBig data, machine learning, and more, using python tools
260 _aNew Delhi,
_bDreamtech Press,
_c2016.
300 _axx, 300p.
650 _aCOMPUTER SCIENCE
_913075
650 _aBIG DATA
_913076
650 _aPYTHON
_913077
650 _aPROGRAMMING LANGUAGE
_913078
650 _aMACHINE LEARNING
_913079
700 _aMeysman, Arno D B
_913080
700 _aMohamed Ali
_913081
942 _2ddc
_cBK
999 _c5871
_d5871